Visa-free access for Norwegian passport holders - Statistics

General Stats
  • This quiz has been taken 20 times
  • The average score is 126 of 155
Answer Stats
Countries % Correct
Albania
93%
Australia
93%
Belgium
93%
Bosnia and Herzegovina
93%
Bulgaria
93%
Colombia
93%
Croatia
93%
Denmark
93%
Estonia
93%
Finland
93%
France
93%
Germany
93%
Greece
93%
Hungary
93%
Ireland
93%
Japan
93%
Liechtenstein
93%
Lithuania
93%
Luxembourg
93%
Macedonia
93%
Malta
93%
Mexico
93%
Montenegro
93%
New Zealand
93%
Peru
93%
Poland
93%
Portugal
93%
San Marino
93%
Serbia
93%
South Korea
93%
Spain
93%
Sweden
93%
Thailand
93%
Ukraine
93%
United Kingdom
93%
United States
93%
Uruguay
93%
Venezuela
93%
Andorra
86%
Austria
86%
Bahamas
86%
Belarus
86%
Bolivia
86%
Canada
86%
Cyprus
86%
Czech Republic
86%
Ecuador
86%
Egypt
86%
Haiti
86%
Iceland
86%
Indonesia
86%
Italy
86%
Jamaica
86%
Kosovo
86%
Latvia
86%
Malaysia
86%
Monaco
86%
Morocco
86%
Netherlands
86%
Paraguay
86%
Philippines
86%
Slovakia
86%
Suriname
86%
Switzerland
86%
Turkey
86%
United Arab Emirates
86%
Vatican City
86%
Vietnam
86%
Antigua and Barbuda
79%
Argentina
79%
Armenia
79%
Bangladesh
79%
Barbados
79%
Cambodia
79%
Chile
79%
Comoros
79%
East Timor
79%
El Salvador
79%
Ethiopia
79%
Fiji
79%
Gambia
79%
Guatemala
79%
Honduras
79%
Iran
79%
Israel
79%
Jordan
79%
Laos
79%
Lebanon
79%
Madagascar
79%
Moldova
79%
Namibia
79%
Nepal
79%
Nicaragua
79%
Oman
79%
Panama
79%
Papua New Guinea
79%
Qatar
79%
Romania
79%
Rwanda
79%
Saint Kitts and Nevis
79%
Saint Lucia
79%
Saint Vincent and the Grenadines
79%
Samoa
79%
Sao Tome and Principe
79%
Senegal
79%
Singapore
79%
Slovenia
79%
Somalia
79%
Swaziland
79%
Tanzania
79%
Togo
79%
Trinidad and Tobago
79%
Tunisia
79%
Uganda
79%
Bahrain
71%
Belize
71%
Benin
71%
Botswana
71%
Brunei
71%
Dominica
71%
Dominican Republic
71%
Federated States of Micronesia
71%
Georgia
71%
Grenada
71%
Guinea-Bissau
71%
Guyana
71%
Kazakhstan
71%
Kenya
71%
Kuwait
71%
Kyrgyzstan
71%
Lesotho
71%
Malawi
71%
Marshall Islands
71%
Mauritius
71%
Mozambique
71%
Palau
71%
South Africa
71%
Sri Lanka
71%
Taiwan
71%
Tajikistan
71%
Vanuatu
71%
Zambia
71%
Zimbabwe
71%
Brazil
64%
Burkina Faso
64%
Cape Verde
64%
Costa Rica
64%
Djibouti
64%
Kiribati
64%
Maldives
64%
Mauritania
64%
Seychelles
64%
Solomon Islands
64%
Tonga
64%
Tuvalu
64%
No matching quizzes found
Score Distribution
Percent of People with Each Score
Percentile by Number Answered
Your Score History
You have not taken this quiz